Missouri Airports by Identifier - Statistics

General Stats
  • This quiz has been taken 8 times
  • The average score is 7 of 63
Answer Stats
HINT ANSWER % Correct
KSTL St Louis
71%
KJLN Joplin
57%
KCGI Cape Girardeau
43%
KCOU Columbia
43%
KFAM Farmington
43%
KJEF Jefferson City
43%
KMCI Kansas City
43%
KMKC Kansas City
43%
KSGF Springfield
43%
KSTJ St Joseph
43%
KBBG Branson
29%
KIRK Kirksville
29%
KNVD Nevada
29%
KSUS Spirit of St Louis
29%
KALN Alton / St Louis
14%
KCPS Cahokia / St Louis
14%
KFTT Fulton
14%
KHIG Higginsville
14%
KAIZ Kaiser / Lake Ozark
14%
KLBO Lebanon
14%
KPOF Poplar Bluff
14%
KVIH Rolla
14%
KSIK Sikeston
14%
KAOV Ava Bill Martin
0%
KVER Boonville / Jesse Viertel
0%
KFWB Branson West
0%
KBUM Butler
0%
KTVB Cabool
0%
KOZS Camdenton
0%
KEZZ Cameron
0%
KCHQ Charleston
0%
KCHT Chillicothe
0%
KGLY Clinton
0%
KUBX Cuba
0%
KDXE Dexter
0%
KHAE Hannibal
0%
KLRY Harrisonville / Lawrence Smith
0%
KTKX Kennett
0%
KLLU Lamar
0%
KLXT Lee's Summit
0%
KMAW Malden
0%
KMHL Marshall
0%
KEVU Maryville
0%
KMYJ Mexico
0%
KPLK M Graham Clark
0%
KGPH Midwest National Air Center
0%
KMBY Moberly
0%
KHFJ Monett
0%
KMNF Mountain View
0%
KEOS Neosho Hugh Robinson
0%
KEIW New Madrid
0%
KPCD Perryville
0%
KPYN Piedmont
0%
KDMO Sedalia
0%
KSET St Charles
0%
KUUV Sullivan
0%
KTRX Trenton
0%
KRCM Warrensburg
0%
KRAW Warsaw
0%
KFYG Washington
0%
KTBN Waynesville
0%
KUNO West Plains
0%
KSZL Whiteman AFB
0%
No matching quizzes found
Score Distribution
Percent of People with Each Score
Percentile by Number Answered
Your Score History
You have not taken this quiz